00701nam a2200193Ia 450000500170000000800410001702000220005804100080008008200160008810000210010424500510012526000370017650000270021365000350024070000620027594200070033799900170034495201460036120230417143927.0230125s9999 xx 000 0 und d a978-93-5158-009-6 aeng a003.54bSHA aSharma S9106416 aComputer Aided Personal Productivity Tools Lab c2013bSuccess PublicationsaPune aInformation technology aInformation technology9106901 aSharma S; Vishwasrao N D; Mandlik D T & Patil N P9116186 cDB c93834d93834 02104070aHIMRbHIMRd2015-12-08eHNIMR Staffg225.00o003.54 SHA DB2358pHIMR-DB-2358r2023-01-25 00:00:00v225.00w2023-01-25yDBzDB2358